000 00574nam a2200229Ia 4500
003 OSt
005 20220924152008.0
006 a|||||r|||| 00| 0
007 ta
008 220923b |||||||| |||| 00| 0 mar d
024 _a340341
037 _cTextual
040 _aARTS
_cARTS
_bmar
041 _2mar
_amar
082 _aO155,2M83,14, K1.1
100 _aVarerkar Au.
_9225538
245 0 _aEkankika
260 _c1961
650 _aMARATHAS - HISTORY
942 _hO155,2M83,14, K1.1
_cTEXL
_2CC
999 _c468365
_d468365